[Event "Cht de la Loire Jeunes 2008 - Minimes à Juniors"]
[Site "St-Just St-Rambert"]
[Date "2008.10.25"]
[Round "1.1"]
[White "Schlick, Paul"]
[Black "Muller, Anthony"]
[Result "0-1"]
[WhiteElo "1320"]
[BlackElo "1850"]
[PlyCount "80"]

1. d4 d5 2. c4 c6 3. Nf3 Bf5 4. Bf4 e6 5. Bg5 Be7 6. Bxe7 Qxe7 7. cxd5 cxd5 8.
Qa4+ Nc6 9. e3 Qb4+ 10. Qxb4 Nxb4 11. Bb5+ Ke7 12. Na3 a6 13. Ba4 b5 14. Bb3
Nd3+ 15. Ke2 Nxb2 16. Bc2 Bxc2 17. Nxc2 Rc8 18. Nb4 a5 19. Na6 Rc2+ 20. Nd2 Nc4
21. Rhd1 Nf6 22. f3 Nd7 23. Kd3 Rxd2+ 24. Rxd2 Nxd2 25. Kxd2 Rc8 26. Rc1 Rxc1
27. Kxc1 Kd6 28. Kc2 Kc6 29. Kb3 Kb6 30. Nc5 Nxc5+ 31. dxc5+ Kxc5 32. a3 b4 33.
a4 e5 34. g3 d4 35. exd4+ exd4 36. Kc2 Kc4 37. f4 d3+ 38. Kc1 Kc3 39. g4 d2+
40. Kd1 Kd3 0-1

[Event "Cht de la Loire Jeunes 2008 - Minimes à Juniors"]
[Site "St-Just St-Rambert"]
[Date "2008.10.25"]
[Round "1.2"]
[White "Carrot, Axel"]
[Black "Goujon, Robin"]
[Result "1-0"]
[WhiteElo "1680"]
[BlackElo "1299"]
[PlyCount "63"]

1. e4 f6 2. d4 Nh6 3. Nf3 Na6 4. Bc4 e6 5. d5 Qe7 6. Nc3 Qd6 7. Bxh6 gxh6 8.
dxe6 dxe6 9. Qxd6 cxd6 10. O-O-O Be7 11. Rd3 O-O 12. Rhd1 Rd8 13. g3 b6 14. Nh4
Bb7 15. Bxe6+ Kg7 16. Nf5+ Kf8 17. Nd5 Bxd5 18. exd5 Rab8 19. Nxh6 Rb7 20. Rf3
Rc7 21. Rf4 b5 22. Rg4 Ke8 23. Re1 b4 24. Rg8+ Bf8 25. Nf5 b3 26. Bc8+ Kf7 27.
Be6+ Ke8 28. axb3 Nb4 29. Re2 a5 30. Nh6 Ra8 31. Bc8+ Kd8 32. Rxf8# 1-0

[Event "Cht de la Loire Jeunes 2008 - Minimes à Juniors"]
[Site "St-Just St-Rambert"]
[Date "2008.10.25"]
[Round "1.3"]
[White "Gudefin, Marine"]
[Black "Desassis, Maxence"]
[Result "0-1"]
[WhiteElo "1299"]
[BlackElo "1560"]
[PlyCount "46"]

1. e4 c5 2. Nc3 Nc6 3. Nf3 d6 4. d4 cxd4 5. Nxd4 g6 6. Bc4 Bg7 7. Nf3 Nf6 8.
Ng5 O-O 9. Qd3 Ne5 10. Qe2 Nxc4 11. Qxc4 b6 12. Nd5 Bb7 13. Nxf6+ Bxf6 14. Nf3
d5 15. exd5 Qxd5 16. Qg4 Ba6 17. h4 Qa5+ 18. Bd2 Qb5 19. Nd4 Qxb2 20. Rc1 Bxd4
21. h5 Bc3 22. hxg6 Bxd2+ 23. Kxd2 Rad8+ 0-1

[Event "Cht de la Loire Jeunes 2008 - Minimes à Juniors"]
[Site "St-Just St-Rambert"]
[Date "2008.10.25"]
[Round "1.4"]
[White "Chambosse, Alexis"]
[Black "Swietlicki, Jordan"]
[Result "0-1"]
[WhiteElo "1410"]
[BlackElo "1250"]
[PlyCount "131"]

1. e4 e5 2. Nf3 d6 3. d4 exd4 4. Bc4 Be7 5. O-O Nf6 6. Re1 O-O 7. Nxd4 Nbd7 8.
Nc3 Ne5 9. Bd5 c6 10. Bb3 c5 11. Nf5 Be6 12. Bxe6 fxe6 13. Nxe7+ Qxe7 14. Bf4
Nfd7 15. Bg3 a6 16. b3 b5 17. a3 c4 18. Qd4 Qg5 19. f4 Nc6 20. Qxd6 Qc5+ 21.
Qxc5 Nxc5 22. bxc4 bxc4 23. Rab1 Rae8 24. Rb6 Nd4 25. Bf2 Nxc2 26. Bxc5 Nxe1
27. Bxf8 Rxf8 28. g3 e5 29. fxe5 Nf3+ 30. Kg2 Nxe5 31. Rxa6 h6 32. a4 Rf3 33.
Ra8+ Kh7 34. Nd5 c3 35. Rc8 c2 36. Rxc2 Ra3 37. Nb6 Ng4 38. h3 Ne3+ 39. Kf3
Nxc2+ 40. Kf4 Rb3 41. a5 Na3 42. e5 Rb5 43. e6 Kg8 44. Nd7 Rxa5 45. Ke4 Nc4 46.
Kf4 g6 47. Ke4 Ra6 48. Kd5 Nb6+ 49. Kd6 Nc8+ 50. Ke5 Ne7 51. Kf6 Nc6 52. Nc5
Ra8 53. Kxg6 Re8 54. e7 Rxe7 55. Kxh6 Re5 56. Nd7 Re6+ 57. Kg5 Kf7 58. h4 Ne5
59. Nxe5+ Rxe5+ 60. Kf4 Kf6 61. g4 Ra5 62. h5 Ra4+ 63. Kg3 Kg5 64. Kf3 Ra3+ 65.
Ke4 Kh6 66. Ke5 0-1

[Event "Cht de la Loire Jeunes 2008 - Minimes à Juniors"]
[Site "St-Just St-Rambert"]
[Date "2008.10.25"]
[Round "1.5"]
[White "Vanel, Alexandre"]
[Black "Mougne, William"]
[Result "0-1"]
[WhiteElo "1199"]
[BlackElo "1399"]
[PlyCount "28"]

1. e4 g6 2. f4 Bg7 3. Nf3 Nf6 4. Nc3 O-O 5. Bd3 b6 6. O-O Bb7 7. b3 c6 8. Ba3
d5 9. exd5 cxd5 10. Ng5 d4 11. Nb5 a6 12. Nxd4 Qxd4+ 13. Kh1 Qd5 14. b4 Qxg2#
0-1

[Event "Cht de la Loire Jeunes 2008 - Minimes à Juniors"]
[Site "St-Just St-Rambert"]
[Date "2008.10.25"]
[Round "2.1"]
[White "Muller, Anthony"]
[Black "Desassis, Maxence"]
[Result "1-0"]
[WhiteElo "1850"]
[BlackElo "1560"]
[PlyCount "141"]

1. e4 c5 2. Nf3 Nc6 3. d4 cxd4 4. Nxd4 Nf6 5. Nc3 d6 6. Bg5 Qa5 7. Bxf6 exf6 8.
Ndb5 a6 9. Nxd6+ Bxd6 10. Qxd6 Qb4 11. Qxb4 Nxb4 12. O-O-O Be6 13. a3 Nc6 14.
Na4 f5 15. exf5 Bxf5 16. Bd3 Be6 $11 17. Nc5 Nd8 18. Rhe1 O-O 19. Nxe6 Nxe6 20.
Bc4 Rac8 21. Bxe6 fxe6 22. f3 Rc6 23. Rd7 b5 24. Red1 Rfc8 25. c3 Kf8 26. Ra7
R8c7 $11 27. Rxc7 Rxc7 $11 28. Rd6 a5 29. Rxe6 b4 30. axb4 axb4 31. Kc2 Kf7 32.
Re4 bxc3 33. bxc3 Ra7 34. Re2 Kf6 35. c4 Ra3 36. Kb2 Rd3 37. c5 Rd5 38. Rc2 Ke7
39. c6 Rb5+ 40. Ka3 Kd8 41. Ka4 Rb1 42. c7+ Kc8 43. Ka5 Rb7 44. g3 Ra7+ 45. Kb6
Rb7+ 46. Ka6 g6 47. Ka5 Ra7+ $11 48. Kb4 Rb7+ 49. Ka3 Ra7+ 50. Kb2 Rb7+ 51. Kc1
Rb3 52. f4 Rd3 53. Rc4 Rb3 54. Kd2 Rb2+ 55. Rc2 Rb3 56. Ke2 Ra3 57. Kf2 Rd3 58.
Kg2 Rb3 59. Kh3 Rd3 60. Kg4 h6 $11 61. Rc6 Rd2 62. h3 g5 63. fxg5 Rd4+ 64. Kh5
Rd3 65. Rxh6 Rxg3 66. Kg6 Kxc7 67. Kf6 Rf3+ 68. Kg7 Kd7 69. g6 Re3 70. Kh7 Re8
71. g7 1-0

[Event "Cht de la Loire Jeunes 2008 - Minimes à Juniors"]
[Site "St-Just St-Rambert"]
[Date "2008.10.25"]
[Round "2.2"]
[White "Mougne, William"]
[Black "Carrot, Axel"]
[Result "0-1"]
[WhiteElo "1399"]
[BlackElo "1680"]
[PlyCount "68"]

1. g3 d5 2. Bg2 e5 3. d3 Nc6 4. e4 dxe4 5. dxe4 Qxd1+ 6. Kxd1 Be6 7. f4 O-O-O+
8. Bd2 exf4 9. gxf4 Bc5 10. f5 Bc4 11. Nc3 Nf6 12. b3 Ba6 13. Na4 Be3 14. Nf3
Nxe4 15. Ne5 Nf2+ 16. Kc1 Bxd2+ 17. Kb2 Nxe5 18. Rhf1 Be3 19. Rae1 Bxf1 20.
Bxf1 Bd4+ 21. c3 Nfd3+ 22. Bxd3 Nxd3+ 23. Kc2 Nxe1+ 24. Kd2 Bf2+ 25. Ke2 Bh4
26. Nc5 Rhe8+ 27. Kf1 Rd1 28. Na4 Re3 29. Nb2 Nd3+ 30. Nxd1 Re1+ 31. Kg2 Rxd1
32. Kh3 Bf6 33. a4 Rg1 34. c4 Nf4# 0-1

[Event "Cht de la Loire Jeunes 2008 - Minimes à Juniors"]
[Site "St-Just St-Rambert"]
[Date "2008.10.25"]
[Round "2.3"]
[White "Swietlicki, Jordan"]
[Black "Schlick, Paul"]
[Result "0-1"]
[WhiteElo "1250"]
[BlackElo "1320"]
[PlyCount "98"]

1. e4 e5 2. d3 Nc6 3. Nf3 Bc5 4. Be2 Nf6 5. O-O O-O 6. Nc3 d6 7. a3 a6 8. b4
Ba7 9. h3 Be6 10. Bd2 h6 11. Rb1 Nh5 12. a4 Nf4 13. Nh2 Nxe2+ 14. Qxe2 Nd4 15.
Qd1 Qd7 16. b5 axb5 17. Nxb5 Nxb5 18. axb5 Bb6 19. c4 f5 20. Qe1 fxe4 21. Qxe4
Bf5 22. Qe2 Rf7 23. Be3 Bxe3 24. Qxe3 Raf8 25. f3 c6 26. bxc6 bxc6 27. Rbd1 Qa7
28. Qxa7 Rxa7 29. f4 exf4 30. Rxf4 c5 31. d4 Ra4 32. d5 Bc2 33. Rxf8+ Kxf8 34.
Re1 Rxc4 35. Re6 Rd4 36. Rxd6 Bb3 37. Nf3 Rxd5 38. Rxd5 Bxd5 39. Ne5 c4 40. Kf2
c3 41. Nd3 Ke7 42. g3 c2 43. Nc1 Kf6 44. g4 g5 45. Kg3 Bc4 46. h4 Ke5 47. hxg5
hxg5 48. Kf3 Kd4 49. Kf2 Ke4 0-1

[Event "Cht de la Loire Jeunes 2008 - Minimes à Juniors"]
[Site "St-Just St-Rambert"]
[Date "2008.10.25"]
[Round "2.4"]
[White "Gudefin, Marine"]
[Black "Chambosse, Alexis"]
[Result "0-1"]
[WhiteElo "1299"]
[BlackElo "1410"]
[PlyCount "51"]

1. e4 e5 2. d4 Nc6 3. d5 Nb4 4. Bd2 Nf6 5. Nc3 c6 6. d6 Bxd6 7. Bg5 Bc5 8. Nf3
d6 9. Bc4 O-O 10. O-O h6 11. Qd2 hxg5 12. Qxg5 Bg4 13. Nh4 Bh5 14. g4 Bxg4 15.
Ng6 d5 16. exd5 cxd5 17. Bxd5 Nbxd5 18. Ne4 Nxe4 19. Qxg4 fxg6 20. Qxe4 Qg5+
21. Kh1 Bxf2 22. Qxd5+ Kh7 23. Rad1 Rf5 24. Qd7 Raf8 25. Rd6 Bc5 26. Re6 0-1

[Event "Cht de la Loire Jeunes 2008 - Minimes à Juniors"]
[Site "St-Just St-Rambert"]
[Date "2008.10.25"]
[Round "3.1"]
[White "Carrot, Axel"]
[Black "Muller, Anthony"]
[Result "0-1"]
[WhiteElo "1680"]
[BlackElo "1850"]
[PlyCount "74"]

1. e4 e5 2. Bc4 Nc6 3. Nf3 Bc5 4. d3 h6 5. Nc3 d6 6. h3 Be6 7. Bxe6 fxe6 8. Nh2
Nf6 9. O-O O-O 10. Na4 Bb6 11. Nxb6 axb6 12. Ng4 Qe7 13. c3 Kh7 14. Nxf6+ Rxf6
15. f4 Raf8 16. Qg4 exf4 17. Rxf4 Rxf4 18. Bxf4 Qf7 19. Be3 Ne5 20. Qe2 Qg6 21.
Rf1 Rxf1+ 22. Kxf1 Qg3 23. d4 Ng6 24. Qf2 Qxf2+ 25. Kxf2 Ne7 26. Kf3 g5 27. Kg4
Kg6 28. h4 gxh4 29. Kxh4 d5 30. e5 Nf5+ 31. Kg4 Nxe3+ 32. Kf3 Nd1 33. b3 Nxc3
34. a3 Kg5 35. g3 Nb5 36. a4 Nxd4+ 37. Ke3 Nxb3 0-1

[Event "Cht de la Loire Jeunes 2008 - Minimes à Juniors"]
[Site "St-Just St-Rambert"]
[Date "2008.10.25"]
[Round "3.2"]
[White "Desassis, Maxence"]
[Black "Swietlicki, Jordan"]
[Result "1-0"]
[WhiteElo "1560"]
[BlackElo "1250"]
[PlyCount "123"]

1. d4 d6 2. Nf3 Bd7 3. e3 e6 4. Bd3 Nf6 5. Nbd2 Be7 6. b3 O-O 7. O-O Nc6 8. a3
a6 9. Bb2 b5 10. Re1 d5 11. c4 bxc4 12. bxc4 dxc4 13. Nxc4 Bd6 14. Nxd6 cxd6
15. Qc2 Re8 16. Rab1 e5 17. dxe5 dxe5 18. Ng5 g6 19. Ne4 Nxe4 20. Bxe4 Rc8 21.
Qd3 Be6 22. Qxd8 Rexd8 23. Bxc6 Rxc6 24. Bxe5 Rd5 25. Rb8+ Rc8 26. Rc1 Rxe5 27.
Rcxc8+ Bxc8 28. Rxc8+ Kg7 29. Kf1 h5 30. Ke2 f5 31. Rc7+ Kh6 32. Kd3 Kg5 33.
f4+ Kf6 34. Rc6+ Re6 35. Rxe6+ Kxe6 36. Kd4 a5 37. a4 Kd6 38. g3 Ke6 39. Kc5
Kd7 40. Kb6 Kc8 41. Kxa5 Kb7 42. Kb5 Ka7 43. a5 Kb7 44. Kc5 Ka6 45. Kd5 Kxa5
46. Ke6 Kb4 47. Kf6 Kc3 48. Kxg6 Kd3 49. Kxf5 Kxe3 50. Kg5 Ke4 51. Kxh5 Kf5 52.
h3 Kf6 53. g4 Kg7 54. Kg5 Kf7 55. h4 Kg7 56. h5 Kh7 57. Kf6 Kh6 58. g5+ Kh7 59.
g6+ Kh8 60. g7+ Kh7 61. Kf7 Kh6 62. g8=Q 1-0

[Event "Cht de la Loire Jeunes 2008 - Minimes à Juniors"]
[Site "St-Just St-Rambert"]
[Date "2008.10.25"]
[Round "3.4"]
[White "Schlick, Paul"]
[Black "Mougne, William"]
[Result "1-0"]
[WhiteElo "1320"]
[BlackElo "1399"]
[PlyCount "26"]

1. d4 g6 2. c4 Bg7 3. Nc3 e6 4. e4 Nf6 5. Bg5 O-O 6. Bd3 d6 7. Nf3 e5 8. d5 h6
9. Be3 b6 10. Qd2 Bb7 11. Bxh6 Nh5 12. O-O Nc6 13. Rac1 b5 1-0

[Event "Cht de la Loire Jeunes 2008 - Minimes à Juniors"]
[Site "St-Just St-Rambert"]
[Date "2008.10.25"]
[Round "3.5"]
[White "Vanel, Alexandre"]
[Black "Gudefin, Marine"]
[Result "1-0"]
[WhiteElo "1199"]
[BlackElo "1299"]
[PlyCount "43"]

1. e4 e5 2. Qh5 Nf6 3. Qxe5+ Be7 4. Qg3 Nxe4 5. Qe3 Ng5 6. f4 Ne6 7. Nf3 g5 8.
fxg5 Nxg5 9. Nxg5 Na6 10. Bd3 h6 11. Nf3 O-O 12. O-O Nb8 13. b3 b6 14. Ba3 Bf6
15. Bxf8 Bxa1 16. Be7 Bd4 17. Qxd4 Qxe7 18. Bb5 Na6 19. Re1 Qf6 20. Qxf6 Nc5
21. Re8+ Kh7 22. Qxf7# 1-0

[Event "Cht de la Loire Jeunes 2008 - Minimes à Juniors"]
[Site "St-Just St-Rambert"]
[Date "2008.10.26"]
[Round "4.1"]
[White "Muller, Anthony"]
[Black "Chambosse, Alexis"]
[Result "1-0"]
[WhiteElo "1850"]
[BlackElo "1410"]
[PlyCount "91"]

1. e4 e5 2. Nf3 Nc6 3. Bc4 Nf6 4. Nc3 Bc5 5. d3 h6 6. Be3 Bxe3 7. fxe3 d6 8. h3
a6 9. O-O O-O 10. Qe1 Nh5 11. Qh4 Qxh4 12. Nxh4 Be6 13. Nd5 Rac8 14. a3 g6 15.
g4 Ng7 16. Rf6 Rfe8 17. Raf1 Na5 18. Ba2 c6 19. Rxe6 Nxe6 20. Nf6+ Kg7 21.
Nxe8+ Rxe8 22. b4 Rf8 23. Bxe6 fxe6 24. Rxf8 Kxf8 25. Nxg6+ Kf7 26. Nh4 Kf6 27.
bxa5 Kg5 28. Nf3+ Kf6 29. h4 h5 30. g5+ Ke7 31. d4 exd4 32. exd4 d5 33. Ne5
dxe4 34. Kf2 Kf8 35. Ke3 Ke7 36. Kxe4 Kf8 37. c4 Ke7 38. d5 Kd6 39. g6 exd5+
40. cxd5 cxd5+ 41. Kd4 b6 42. g7 bxa5 43. g8=Q a4 44. Qg6+ Ke7 45. Qf7+ Kd6 46.
Qd7# 1-0

[Event "Cht de la Loire Jeunes 2008 - Minimes à Juniors"]
[Site "St-Just St-Rambert"]
[Date "2008.10.26"]
[Round "4.2"]
[White "Desassis, Maxence"]
[Black "Carrot, Axel"]
[Result "0-1"]
[WhiteElo "1560"]
[BlackElo "1680"]
[PlyCount "50"]

1. d4 d5 2. Nf3 Nf6 3. e3 Bf5 4. Bd3 Bxd3 5. Qxd3 e6 6. b3 Nbd7 7. Bb2 Bd6 8.
Nbd2 Rc8 9. O-O c5 10. c3 O-O 11. Ba3 Qb6 12. c4 cxd4 13. Bxd6 Qxd6 14. Nxd4
Ne5 15. Nb5 Qc5 16. Qd4 dxc4 17. f4 Qxb5 18. fxe5 Rfd8 19. Qf4 Rxd2 20. exf6
Qd5 21. Qg4 g6 22. Rad1 c3 23. h3 c2 24. Rc1 Rd8 25. Qf4 Qxg2# 0-1

[Event "Cht de la Loire Jeunes 2008 - Minimes à Juniors"]
[Site "St-Just St-Rambert"]
[Date "2008.10.26"]
[Round "4.3"]
[White "Goujon, Robin"]
[Black "Schlick, Paul"]
[Result "1-0"]
[WhiteElo "1299"]
[BlackElo "1320"]
[PlyCount "55"]

1. e4 e5 2. Bc4 Nc6 3. Qf3 Nh6 4. d3 Nd4 5. Qg3 Nxc2+ 6. Kd1 Nxa1 7. Bxh6 gxh6
8. Qf3 Qe7 9. Nh3 Bg7 10. Re1 Rg8 11. Kd2 Qf6 12. Qg3 d6 13. Nc3 Bxh3 14. gxh3
Ke7 15. Rxa1 h5 16. Nd5+ Kf8 17. Nxf6 Bxf6 18. Qf3 Bg5+ 19. Ke2 Bf4 20. Qxh5
Rg7 21. Rg1 Rc8 22. Rxg7 Kxg7 23. Qxf7+ Kh8 24. a4 Bxh2 25. a5 Bf4 26. a6 b6
27. Be6 Ra8 28. Bf5 1-0

[Event "Cht de la Loire Jeunes 2008 - Minimes à Juniors"]
[Site "St-Just St-Rambert"]
[Date "2008.10.26"]
[Round "4.4"]
[White "Swietlicki, Jordan"]
[Black "Vanel, Alexandre"]
[Result "1-0"]
[WhiteElo "1250"]
[BlackElo "1199"]
[PlyCount "77"]

1. e4 e5 2. d3 Bc5 3. Nf3 Nf6 4. Be2 O-O 5. O-O d6 6. Be3 Bb4 7. a3 Ba5 8. b4
Bb6 9. Bxb6 axb6 10. Nbd2 Be6 11. c4 c5 12. h3 cxb4 13. axb4 Nc6 14. b5 Nb4 15.
Rxa8 Qxa8 16. d4 exd4 17. Nxd4 Bd7 18. f4 Nh5 19. Bxh5 Nd3 20. f5 Nf4 21. Rxf4
g6 22. Qg4 Qa1+ 23. Kh2 Ra8 24. N4b3 Qb2 25. Qg5 Qg7 26. f6 Qf8 27. Bg4 Ra2 28.
Bxd7 Rc2 29. e5 dxe5 30. Qxe5 h6 31. Re4 Qd8 32. Qe8+ Qxe8 33. Rxe8+ Kh7 34.
Ne4 Rxc4 35. g4 Rb4 36. Nbd2 Rb2 37. g5 hxg5 38. Kg3 Kh6 39. Rh8# 1-0

[Event "Cht de la Loire Jeunes 2008 - Minimes à Juniors"]
[Site "St-Just St-Rambert"]
[Date "2008.10.26"]
[Round "4.5"]
[White "Mougne, William"]
[Black "Gudefin, Marine"]
[Result "0-1"]
[WhiteElo "1399"]
[BlackElo "1299"]
[PlyCount "104"]

1. g3 e5 2. d3 Nc6 3. e4 Bc5 4. Be3 Bxe3 5. fxe3 d6 6. Qg4 Bxg4 7. Nc3 Bf3 8.
Nxf3 Nf6 9. d4 Ng4 10. Bb5 Nxe3 11. d5 Nxc2+ 12. Kd2 Nxa1 13. Rxa1 O-O 14. dxc6
bxc6 15. Bxc6 Rb8 16. b3 f5 17. Nh4 Qg5+ 18. Kd3 fxe4+ 19. Nxe4 Qh5 20. h3 g5
21. Ng2 Qf3+ 22. Ne3 d5 23. Nd2 e4+ 24. Kd4 Qf6+ 25. Kxd5 Qxa1 26. Nxe4 Rbd8+
27. Kc5 Qd4+ 28. Kb5 Qxe3 29. h4 Rf5+ 30. Kb4 Qd4+ 31. Ka3 Ra5+ 32. Ba4 Qxa4+
33. bxa4 Rd3+ 34. Kb4 Re5 35. Nc5 Rd4+ 36. Kb5 gxh4 37. gxh4 Rxh4 38. Kc6 Rc4
39. a5 Rexc5+ 40. Kd7 Rxa5 41. Ke7 h5 42. a3 h4 43. Kf6 h3 44. Kg6 h2 45. a4
h1=Q 46. Kf6 Qh6+ 47. Ke7 Qg7+ 48. Kd8 Rd4+ 49. Kc8 Qd7+ 50. Kb7 c6+ 51. Kb8
Rf5 52. a5 Rf8# 0-1

[Event "Cht de la Loire Jeunes 2008 - Minimes à Juniors"]
[Site "St-Just St-Rambert"]
[Date "2008.10.26"]
[Round "5.1"]
[White "Swietlicki, Jordan"]
[Black "Muller, Anthony"]
[Result "0-1"]
[WhiteElo "1250"]
[BlackElo "1850"]
[PlyCount "62"]

1. e4 e5 2. d3 Bc5 3. Nf3 Nc6 4. Be2 Nge7 5. O-O h6 6. h3 d6 7. Bd2 O-O 8. a3
a6 9. Nc3 f5 10. b4 Bb6 11. b5 Nd4 12. bxa6 Rxa6 13. a4 f4 14. Nb5 Nec6 15. c4
Qf6 16. Bc3 Nxe2+ 17. Qxe2 Qg6 18. Kh1 Qh5 19. Qd1 g5 20. Kg1 Kh7 21. d4 Bxh3
22. Nh2 f3 23. Nxf3 Bxg2 24. Kxg2 Qg4+ 25. Kh2 Rxf3 26. Qxf3 Qxf3 27. Rae1 Nxd4
28. Re3 Qf4+ 29. Kh1 Nf3 30. Kg2 Qg4+ 31. Kh1 Qh3# 0-1

[Event "Cht de la Loire Jeunes 2008 - Minimes à Juniors"]
[Site "St-Just St-Rambert"]
[Date "2008.10.26"]
[Round "5.2"]
[White "Carrot, Axel"]
[Black "Schilick, Alexis"]
[Result "1-0"]
[WhiteElo "1680"]
[BlackElo "1320"]
[PlyCount "109"]

1. e4 e5 2. Nf3 Nc6 3. d4 Bb4+ 4. c3 Be7 5. Nxe5 Nxe5 6. dxe5 b6 7. Be3 Bb7 8.
Nd2 d6 9. exd6 Bxd6 10. Bc4 Nf6 11. f3 c5 12. O-O Qc7 13. f4 Nxe4 14. Nxe4 Bxe4
15. Bb5+ Bc6 16. Bxc6+ Qxc6 17. Re1 O-O 18. Kf2 Qc7 19. Qf3 Rfe8 20. Bd2 Rad8
21. Rxe8+ Rxe8 22. Re1 Rxe1 23. Kxe1 Qe7+ 24. Qe3 Qxe3+ 25. Bxe3 h6 26. Ke2 f6
27. Kd3 b5 28. b4 cxb4 29. cxb4 Bxb4 30. Bxa7 Bd6 31. g3 g5 32. fxg5 hxg5 33.
Kd4 Kf7 34. Bc5 Ke6 35. Bxd6 Kxd6 36. h4 gxh4 37. gxh4 f5 38. Kd3 f4 39. Ke4
Ke6 40. h5 Kf6 41. h6 f3 42. Ke3 Ke6 43. h7 f2 44. Kxf2 Kd6 45. h8=Q Kc6 46.
Qe5 Kb6 47. Ke3 Ka5 48. Kd3 Ka4 49. Kc3 b4+ 50. Kb2 b3 51. axb3+ Kb4 52. Qb8+
Ka5 53. Kc3 Ka6 54. Kc4 Ka5 55. Qb5# 1-0

[Event "Cht de la Loire Jeunes 2008 - Minimes à Juniors"]
[Site "St-Just St-Rambert"]
[Date "2008.10.26"]
[Round "5.3"]
[White "Vanel, Alexandre"]
[Black "Desassis, Maxence"]
[Result "0-1"]
[WhiteElo "1199"]
[BlackElo "1560"]
[PlyCount "54"]

1. e4 c5 2. Bc4 Nc6 3. Qg4 Nf6 4. Qe2 d6 5. Nf3 g6 6. d3 Bg7 7. Be3 O-O 8. O-O
b6 9. Nc3 Bb7 10. Rad1 e6 11. e5 dxe5 12. h3 Nd4 13. Qd2 Bxf3 14. Bxd4 Bxd1 15.
Rxd1 exd4 16. Nb5 a6 17. Na3 b5 18. Bb3 e5 19. Qg5 e4 20. dxe4 Re8 21. Qxc5
Nxe4 22. Qc6 Qd6 23. Qb7 Qe7 24. Qd5 Nxf2 25. Kxf2 Qe2+ 26. Kg3 Be5+ 27. Kh4
Qh5# 0-1

[Event "Cht de la Loire Jeunes 2008 - Minimes à Juniors"]
[Site "St-Just St-Rambert"]
[Date "2008.10.26"]
[Round "5.4"]
[White "Chambosse, Alexis"]
[Black "Mougne, Williane"]
[Result "1-0"]
[WhiteElo "1410"]
[BlackElo "1399"]
[PlyCount "0"]

1. e4 b6 2. d4 e6 3. Nf3 d5 4. Bd3 Bb7 5. Nc3 Nf6 6. Bg5 Be7 7. exd5 exd5 8.
Qe2 O-O 9. O-O Ne4 10. Bxe7 Qxe7 11. Bxe4 dxe4 12. Ne5 Nc6 13. Nd5 Qe6 14. Nxc6
Qxc6 15. Ne7+ Kh8 16. Nxc6 Bxc6 17. c4 Rfe8 18. Rae1 Bb7 19. Qg4 Rad8 20. d5 c6
21. Rxe4 Rxe4 22. Qxe4 cxd5 23. Qe7 Rb8 24. Qxf7 dxc4 25. Qxc4 Rc8 26. Re1 h6
27. Qxc8+ Bxc8 28. Re8+ Kh7 29. Rxc8 Kg6 30. Ra8 a5 31. a4 Kf6 32. f4 Ke6 33.
Kf2 Kd5 34. Ke3 Kc4 35. Rb8 Kb4 36. Rxb6+ Kxa4 37. Rb7 g5 38. b3+ Ka3 39. fxg5
hxg5 40. Kd3 Kb2 41. Kc4 Kc2 42. Rd7 Kb2 43. b4 a4 44. Ra7 a3 45. Rxa3 Kxa3 46.
b5 Kb2 47. b6 Kc2 48. b7 Kd2 49. b8=Q Ke2 50. Qg3 Kf1 51. Qxg5 Kg1 52. Qe5 Kxg2
53. Qe3 Kxh2 54. Kd3 Kg2 55. Ke2 Kh2 56. Kf1 Kh1 57. Qg1# 1-0

[Event "Cht de la Loire Jeunes 2008 - Minimes à Juniors"]
[Site "St-Just St-Rambert"]
[Date "2008.10.26"]
[Round "5.5"]
[White "Gudefin, Marine"]
[Black "Goujon, Robin"]
[Result "1-0"]
[WhiteElo "1299"]
[BlackElo "1299"]
[PlyCount "37"]

1. e4 e5 2. Nc3 Nf6 3. Bb5 Nc6 4. Bxc6 bxc6 5. d3 Bb4 6. Nf3 Bxc3+ 7. bxc3 O-O
8. O-O Rb8 9. Nxe5 Re8 10. d4 Nxe4 11. Qf3 Ng5 12. Qf5 g6 13. Qg4 d6 14. Bxg5
Re7 15. Nxc6 Qe8 16. Qh4 Qxc6 17. Bxe7 Qxc3 18. Qh6 Qxa1 19. Qf8# 1-0